MARC
| LEADER | 00000nam a2200000 4500 | ||
|---|---|---|---|
| 001 | c012354 | ||
| 005 | 20250515110950.6 | ||
| 022 | |a 1335-1419 | ||
| 041 | 0 | |a slo | |
| 044 | |a SK | ||
| 245 | 1 | 0 | |a Analýza dôsledkov reštrikčných opatrení rozpočtovej politiky z hľadiska makroekonomických veličín |c Emília Vitálošová |
| 264 | 1 | |a Bratislava |b VÚNH EU |c 1995 | |
| 300 | |a 37 s. | ||
| 490 | 1 | |a Štúdie | |
| 830 | 0 | |a Štúdie | |
| 610 | 2 | 0 | |a politika fiškálna |
| 610 | 2 | 0 | |a rozpočet štátny |
| 610 | 2 | 0 | |a rozpočty |
| 610 | 2 | 0 | |a makroekonomika |
| 610 | 2 | 0 | |a vývoj hospodársky |
| 610 | 2 | 0 | |a príjmy |
| 610 | 2 | 0 | |a výdavky |
| 610 | 2 | 0 | |a analýzy |
| 610 | 2 | 0 | |a 1991-1994 |
| 100 | 1 | |a Vitálošová, Emília | |